000 00463nam a2200181Ia 4500
005 20250508160821.0
008 008 250505s9999 xx 000 0 hin d
037 _aTextual
040 _aFEDL
_beng
_cFEDL
041 _ahin
_2eng
084 _a378, WEA
_qFEDL
100 _aWeaderford Willis D Ed.
_9769442
245 0 _aUcchtar shiksha ke uddeshy
260 _c1960
300 _a67p.
942 _cTEXL
_h378, WEA
999 _c1366778
_d1366778